[Event "172-nd open MGU"]
[Site "Sofia"]
[Date "2016.09.17"]
[Round "1.1"]
[White "Metev, Martin"]
[Black "Angelov, Georgi"]
[Result "1-0"]
[WhiteElo "2040"]
[BlackElo "1740"]
[PlyCount "27"]
[EventDate "2016.09.17"]
[EventType "swiss"]
[EventRounds "6"]
[EventCountry "BUL"]

1. e4 e5 2. Nf3 Nc6 3. Bb5 Nf6 4. O-O a6 5. Ba4 Be7 6. Re1 d6 7. Bxc6+ bxc6 8.
h3 O-O 9. c3 c5 10. d3 Bb7 11. Bg5 Nd7 12. Bxe7 Qxe7 13. Nbd2 f5 14. Qb3+ 1-0

[Event "172-nd open MGU"]
[Site "Sofia"]
[Date "2016.09.17"]
[Round "1.2"]
[White "Kostov, Nikolay"]
[Black "Gelemerov, Yane"]
[Result "0-1"]
[WhiteElo "1708"]
[BlackElo "2002"]
[PlyCount "98"]
[EventDate "2016.09.17"]
[EventType "swiss"]
[EventRounds "6"]
[EventCountry "BUL"]

1. d4 Nf6 2. c4 d6 3. Nc3 Nbd7 4. e4 e5 5. Be3 Be7 6. Be2 c6 7. Bf3 Qc7 8. Nge2
O-O 9. O-O a6 10. Rc1 h6 11. Kh1 Nh7 12. Ng3 Bg5 13. Nf5 Ndf6 14. dxe5 dxe5 15.
h4 Bxe3 16. Nxe3 Re8 17. Rg1 Nf8 18. g4 N6h7 19. Nf5 Ng6 20. Qf1 Bxf5 21. gxf5
Nxh4 22. Qh3 Nxf3 23. Qxf3 Ng5 24. Qh5 f6 25. Rcd1 Rad8 26. Kg2 Qf7 27. Qxf7+
Kxf7 28. f3 Ke7 29. Rxd8 Rxd8 30. Rd1 Rd4 31. Rxd4 exd4 32. Nd1 d3 33. Nf2 d2
34. Kg3 h5 35. Nd1 a5 36. Nc3 a4 37. b4 axb3 38. axb3 Kd7 39. b4 b6 40. Nd1 Ke7
41. Nc3 Kf7 42. Nd1 c5 43. bxc5 bxc5 44. Ne3 Ke7 45. Nd5+ Kd6 46. Nc3 Ke5 47.
f4+ Kd4 48. Nd1 Nxe4+ 49. Kh4 Nc3 0-1

[Event "172-nd open MGU"]
[Site "Sofia"]
[Date "2016.09.17"]
[Round "1.3"]
[White "Krustev, Krasimir S."]
[Black "Krastev, Krasimir N."]
[Result "1-0"]
[WhiteElo "1940"]
[BlackElo "1682"]
[PlyCount "33"]
[EventDate "2016.09.17"]
[EventType "swiss"]
[EventRounds "6"]
[EventCountry "BUL"]

1. e4 c5 2. d4 cxd4 3. c3 dxc3 4. Nxc3 e6 5. Bc4 Bb4 6. Nf3 Qc7 7. Qb3 Nc6 8.
O-O Bxc3 9. Qxc3 Nf6 10. Bg5 Nxe4 11. Qxg7 Rf8 12. Bh6 Qd6 13. Rad1 Qe7 14.
Qxh7 Nf6 15. Bxf8 Qxf8 16. Qh4 Qe7 17. Qh8+ 1-0

[Event "172-nd open MGU"]
[Site "Sofia"]
[Date "2016.09.17"]
[Round "1.4"]
[White "Georgiev, Nikolay Zh."]
[Black "Ignatov, Bojidar"]
[Result "0-1"]
[WhiteElo "1562"]
[BlackElo "1931"]
[PlyCount "54"]
[EventDate "2016.09.17"]
[EventType "swiss"]
[EventRounds "6"]
[EventCountry "BUL"]

1. e4 c5 2. Bc4 e6 3. Bb3 Nf6 4. d3 d6 5. f4 Nc6 6. c3 Be7 7. Nf3 b5 8. O-O Bb7
9. h3 Qc7 10. Be3 O-O-O 11. Bc2 Kb8 12. Qe1 d5 13. e5 Nd7 14. Qf2 f6 15. exf6
gxf6 16. Nh2 e5 17. Nd2 d4 18. cxd4 exd4 19. Ne4 dxe3 20. Qxe3 Nd4 21. Rfc1 Nb6
22. Bd1 Nd5 23. Qf2 Nxf4 24. Qf1 Rhg8 25. Kh1 Rxg2 26. Nf3 Nf5 27. b4 Bxe4 0-1

[Event "172-nd open MGU"]
[Site "Sofia"]
[Date "2016.09.17"]
[Round "2.1"]
[White "Dereshki, Dario"]
[Black "Krustev, Krasimir S."]
[Result "1-0"]
[WhiteElo "2051"]
[BlackElo "1940"]
[PlyCount "117"]
[EventDate "2016.09.17"]
[EventType "swiss"]
[EventRounds "6"]
[EventCountry "BUL"]

1. d4 Nf6 2. c4 e5 3. dxe5 Ng4 4. Nf3 Nc6 5. Nc3 Bc5 6. e3 Ngxe5 7. Be2 O-O 8.
O-O d6 9. Na4 Bb6 10. b3 Nxf3+ 11. Bxf3 Ne5 12. Be4 Qh4 13. Qc2 Ng4 14. h3 Nf6
15. Bf3 c6 16. Nxb6 axb6 17. Rd1 Rd8 18. Rd4 Qg5 19. e4 Qg6 20. Qd1 Re8 21.
Rxd6 Bxh3 22. Bb2 Be6 23. e5 Ne4 24. Rd4 Ng5 25. Bh5 Qf5 26. f4 Ne4 27. Bf3 Ng3
28. Qd3 Qxd3 29. Rxd3 Red8 30. Rad1 Rxd3 31. Rxd3 g6 32. a4 h5 33. Kf2 Nf5 34.
Bc1 Kf8 35. Be3 Nxe3 36. Kxe3 Ke7 37. Be4 Rh8 38. Kd4 h4 39. Kc3 h3 40. gxh3
Bxh3 41. b4 Be6 42. b5 cxb5 43. axb5 Rc8 44. Bd5 Bf5 45. Rd2 Rc7 46. Rh2 Be6
47. Kd4 Rc5 48. Bxe6 Kxe6 49. f5+ Kxf5 50. Rf2+ Ke6 51. Rf6+ Ke7 52. Rxb6 Rc7
53. c5 Rd7+ 54. Rd6 Rxd6+ 55. exd6+ Ke6 56. b6 Kd7 57. Ke5 g5 58. Kf5 g4 59.
Kxg4 1-0

[Event "172-nd open MGU"]
[Site "Sofia"]
[Date "2016.09.17"]
[Round "2.2"]
[White "Ignatov, Bojidar"]
[Black "Metev, Martin"]
[Result "1/2-1/2"]
[WhiteElo "1931"]
[BlackElo "2040"]
[PlyCount "125"]
[EventDate "2016.09.17"]
[EventType "swiss"]
[EventRounds "6"]
[EventCountry "BUL"]

1. d4 e6 2. c4 Nf6 3. Nc3 d5 4. Nf3 c6 5. Bg5 h6 6. Bh4 g5 7. Bg3 dxc4 8. e4 b5
9. Be2 Bb4 10. O-O Bxc3 11. bxc3 Nxe4 12. Qc2 Nxg3 13. hxg3 Nd7 14. Ne5 Nxe5
15. dxe5 Qc7 16. f4 Bb7 17. Rad1 Rd8 18. Bh5 Rxd1 19. Qxd1 Qb6+ 20. Kh2 Qd8 21.
Qg4 Qe7 22. Rd1 O-O 23. Rd6 Rd8 24. Qd1 Rxd6 25. exd6 Qd7 26. fxg5 hxg5 27. Qd2
Kf8 28. Qd4 Kg8 29. Qf6 Bc8 30. Qxg5+ Kf8 31. Qe5 Kg8 32. Kh1 b4 33. cxb4 c3
34. Bd1 f6 35. Qxc3 Qxd6 36. Bf3 Qxg3 37. Qxf6 Qe1+ 38. Kh2 Qxb4 39. Qg5+ Kh7
40. Qh5+ Kg7 41. Qe5+ Kg8 42. Bxc6 Qd2 43. Bf3 Qh6+ 44. Kg1 Qc1+ 45. Kf2 Qc2+
46. Kg3 Qg6+ 47. Bg4 Qd3+ 48. Kh2 Qh7+ 49. Bh3 Qd7 50. g4 Qd2+ 51. Kg3 Qxa2 52.
g5 Qa3+ 53. Kh4 Qe7 54. Kh5 Qh7+ 55. Kg4 Qf5+ 56. Qxf5 exf5+ 57. Kf4 a5 58. Ke5
Kg7 59. Kd4 Kg6 60. Bxf5+ Bxf5 61. Kc3 Be6 62. Kb2 Bg8 63. Kb1 1/2-1/2

[Event "172-nd open MGU"]
[Site "Sofia"]
[Date "2016.09.17"]
[Round "2.3"]
[White "Gelemerov, Yane"]
[Black "Kozarev, Petar"]
[Result "1-0"]
[WhiteElo "2002"]
[BlackElo "1880"]
[PlyCount "67"]
[EventDate "2016.09.17"]
[EventType "swiss"]
[EventRounds "6"]
[EventCountry "BUL"]

1. e4 e5 2. Bc4 Bc5 3. Nc3 Nf6 4. d3 d6 5. Na4 Nc6 6. Nxc5 dxc5 7. Nf3 Bg4 8.
Bb5 Bxf3 9. Bxc6+ bxc6 10. Qxf3 c4 11. O-O cxd3 12. cxd3 Qd4 13. Bg5 Nd7 14. b3
Nc5 15. Be3 Qd6 16. Bxc5 Qxc5 17. Rac1 Qd6 18. Rc3 Rb8 19. Qe3 Rb6 20. Rc4 O-O
21. d4 Rd8 22. dxe5 Qxe5 23. Qe2 Ra6 24. g3 Qa5 25. Ra4 Qxa4 26. bxa4 Rxa4 27.
Rd1 Re8 28. Qc2 Ra6 29. Qc4 Rb6 30. Rd7 Rf8 31. e5 g6 32. e6 fxe6 33. Qxe6+ Kh8
34. Qe5+ 1-0

[Event "172-nd open MGU"]
[Site "Sofia"]
[Date "2016.09.17"]
[Round "2.4"]
[White "Angelov, Georgi"]
[Black "Georgiev, Nikolay Zh."]
[Result "1-0"]
[WhiteElo "1740"]
[BlackElo "1562"]
[PlyCount "143"]
[EventDate "2016.09.17"]
[EventType "swiss"]
[EventRounds "6"]
[EventCountry "BUL"]

1. e4 e5 2. Nf3 Nc6 3. Bc4 Bc5 4. c3 Nf6 5. d3 Bb6 6. b4 d6 7. a4 a6 8. Bb2 Be6
9. Nbd2 O-O 10. Qc2 Re8 11. O-O Qd7 12. Bxe6 fxe6 13. Nc4 Ba7 14. b5 Ne7 15.
Qb3 Ng6 16. b6 cxb6 17. Nxb6 Bxb6 18. Qxb6 Rac8 19. h3 Rf8 20. a5 Nh5 21. Qe3
Nhf4 22. d4 Rf7 23. Rfd1 Qb5 24. Rd2 h6 25. Kh2 Rc4 26. Ra2 Ra4 27. Rxa4 Qxa4
28. g3 Nh5 29. dxe5 Nxe5 30. Nxe5 dxe5 31. Qc5 Qxe4 32. Qc8+ Kh7 33. Qxe6 Qf5
34. Qxf5+ Rxf5 35. Kg2 Rg5 36. h4 Rg4 37. Rd7 Ra4 38. Rxb7 Rxa5 39. c4 Kg6 40.
Rb6+ Nf6 41. f3 Ra2 42. g4 a5 43. Kg3 Ra4 44. h5+ Kf7 45. Rb7+ Kf8 46. c5 Rc4
47. Bxe5 a4 48. Ra7 Kg8 49. Bd6 Ne8 50. Kf2 Nxd6 51. cxd6 Rd4 52. d7 Kh7 53.
Ke3 Rd1 54. Kf4 a3 55. g5 hxg5+ 56. Kxg5 a2 57. Rxa2 Rxd7 58. Ra5 Rd6 59. f4
Rb6 60. f5 Rf6 61. Re5 Rf7 62. Re6 Rf8 63. h6 gxh6+ 64. Rxh6+ Kg7 65. Rg6+ Kh7
66. Ra6 Rf7 67. f6 Kg8 68. Kg6 Rf8 69. Ra7 Rb8 70. Rg7+ Kf8 71. Rh7 Kg8 72. f7+
1-0

[Event "172-nd open MGU"]
[Site "Sofia"]
[Date "2016.09.17"]
[Round "3.1"]
[White "Gelemerov, Yane"]
[Black "Dereshki, Dario"]
[Result "0-1"]
[WhiteElo "2002"]
[BlackElo "2051"]
[PlyCount "36"]
[EventDate "2016.09.17"]
[EventType "swiss"]
[EventRounds "6"]
[EventCountry "BUL"]

1. e4 c6 2. Nf3 d5 3. Nc3 Bg4 4. h3 Bxf3 5. Qxf3 Nf6 6. d3 d4 7. Nb1 e5 8. Nd2
Bb4 9. Qg3 Qd6 10. Be2 Nbd7 11. O-O O-O-O 12. a3 Bxd2 13. Bxd2 h5 14. h4 Qe6
15. f4 exf4 16. Bxf4 Ng4 17. Bxg4 hxg4 18. Bb8 Nxb8 0-1

[Event "172-nd open MGU"]
[Site "Sofia"]
[Date "2016.09.17"]
[Round "3.2"]
[White "Metev, Martin"]
[Black "Krustev, Krasimir S."]
[Result "0-1"]
[WhiteElo "2040"]
[BlackElo "1940"]
[PlyCount "86"]
[EventDate "2016.09.17"]
[EventType "swiss"]
[EventRounds "6"]
[EventCountry "BUL"]

1. e4 e5 2. Nf3 Nc6 3. Bb5 f5 4. exf5 e4 5. Qe2 Qe7 6. Bxc6 dxc6 7. Nd4 Nf6 8.
Nc3 Qe5 9. Ne6 Bxe6 10. fxe6 O-O-O 11. f3 Qxe6 12. Nxe4 Nxe4 13. Qxe4 Qxe4+ 14.
fxe4 Bc5 15. d3 Rhf8 16. Bg5 Rd7 17. O-O-O Rf2 18. g3 h6 19. Bd2 Rdf7 20. Be1
Be3+ 21. Bd2 Rxd2 22. Rxd2 Rf2 23. Rhd1 Rxh2 24. c4 Rg2 25. Kc2 Bxd2 26. Rxd2
Rxg3 27. Rf2 g5 28. Rf8+ Kd7 29. Rf7+ Kd8 30. e5 h5 31. e6 h4 32. Rd7+ Ke8 33.
Rxc7 h3 34. Rh7 Rg2+ 35. Kc3 h2 36. d4 g4 37. Kb4 g3 38. d5 Rg1 39. d6 h1=Q 40.
Rc7 Qh4 41. d7+ Ke7 42. Rc8 Rd1 43. Re8+ Kf6 0-1

[Event "172-nd open MGU"]
[Site "Sofia"]
[Date "2016.09.17"]
[Round "3.3"]
[White "Kozarev, Petar"]
[Black "Angelov, Georgi"]
[Result "1/2-1/2"]
[WhiteElo "1880"]
[BlackElo "1740"]
[PlyCount "110"]
[EventDate "2016.09.17"]
[EventType "swiss"]
[EventRounds "6"]
[EventCountry "BUL"]

1. d4 d5 2. c4 c6 3. Nf3 Nf6 4. Nc3 g6 5. Bg5 Bg7 6. e3 Bg4 7. Be2 a6 8. Bxf6
Bxf6 9. cxd5 cxd5 10. Qb3 e6 11. Qxb7 Nd7 12. O-O O-O 13. h3 Bxf3 14. Bxf3 a5
15. Qb3 Rb8 16. Qc2 Qb6 17. Rab1 Rfc8 18. Qe2 Be7 19. Rfc1 Bd6 20. Na4 Qb4 21.
b3 Qa3 22. Qe1 Bb4 23. Rxc8+ Rxc8 24. Qe2 Bd6 25. g3 Rc1+ 26. Rxc1 Qxc1+ 27.
Kg2 Nb8 28. Qb5 Qc7 29. Qb6 Nc6 30. Qxc7 Bxc7 31. Be2 Bd6 32. Nc5 Kf8 33. Nb7
Bc7 34. Bb5 Nb4 35. a4 Nc2 36. Kf3 Na1 37. Nc5 Ke7 38. Be2 Nc2 39. Bd3 Na1 40.
Be2 Nc2 41. Bd1 Nb4 42. e4 Kd6 43. e5+ Kc6 44. Ke3 Bxe5 45. Nxe6 Bxg3 46. Nd8+
Kd7 47. Nxf7 Bc7 48. Ng5 h6 49. Nf7 h5 50. h4 Ke6 51. Ng5+ Kf5 52. Nf3 Bf4+ 53.
Ke2 Ke4 54. Ne1 Kxd4 55. Nc2+ Ke5 1/2-1/2

[Event "172-nd open MGU"]
[Site "Sofia"]
[Date "2016.09.18"]
[Round "4.1"]
[White "Dereshki, Dario"]
[Black "Ignatov, Bojidar"]
[Result "1-0"]
[WhiteElo "2051"]
[BlackElo "1931"]
[PlyCount "99"]
[EventDate "2016.09.17"]
[EventType "swiss"]
[EventRounds "6"]
[EventCountry "BUL"]

1. d4 Nf6 2. Nf3 d5 3. c4 e6 4. e3 c5 5. Nc3 Nc6 6. cxd5 Nxd5 7. e4 Nxc3 8.
bxc3 cxd4 9. cxd4 Bb4+ 10. Bd2 Qa5 11. a3 Bxd2+ 12. Qxd2 Bd7 13. Bd3 O-O 14.
Rb1 b6 15. Bb5 Qxa3 16. O-O Rfd8 17. Qf4 Be8 18. d5 exd5 19. exd5 Rxd5 20. Rfe1
Qd6 21. Qe4 h6 22. Bc4 Rc5 23. Rbd1 Qf6 24. h4 Rc8 25. g4 Rxc4 26. Qxc4 Qxf3
27. Rd3 Qf6 28. Qe4 Qxh4 29. Qf5 Rd8 30. Qe4 Kf8 31. Qh7 Qxg4+ 32. Kf1 Ne7 33.
Rxd8 Qh3+ 34. Ke2 Ng6 35. Kd2 Qd7+ 36. Rxd7 Bxd7 37. f4 a5 38. Kc3 b5 39. Rd1
b4+ 40. Kb2 Be6 41. Rd8+ Ke7 42. Qg8 a4 43. Qe8+ Kf6 44. Qxa4 Nxf4 45. Qxb4 Ng6
46. Qd4+ Ne5 47. Rd6 Kf5 48. Qf2+ Kg5 49. Qg3+ Kf6 50. Qf4+ 1-0

[Event "172-nd open MGU"]
[Site "Sofia"]
[Date "2016.09.18"]
[Round "4.2"]
[White "Krustev, Krasimir S."]
[Black "Kostov, Nikolay"]
[Result "1-0"]
[WhiteElo "1940"]
[BlackElo "1708"]
[PlyCount "55"]
[EventDate "2016.09.17"]
[EventType "swiss"]
[EventRounds "6"]
[EventCountry "BUL"]

1. e4 e5 2. Nf3 Nc6 3. Bc4 Be7 4. d4 exd4 5. c3 Nf6 6. e5 Ne4 7. Bd5 Ng5 8.
Nxg5 Bxg5 9. Qh5 Qe7 10. Qxg5 f6 11. Qh5+ g6 12. Qe2 Nxe5 13. cxd4 Nd3+ 14. Kd2
Qxe2+ 15. Kxe2 Nb4 16. Bb3 d6 17. Bd2 Nc6 18. Bc3 Bf5 19. Kd2 O-O-O 20. Na3 d5
21. Rhe1 a6 22. Nc2 Bxc2 23. Bxc2 b5 24. a3 f5 25. Re6 Kb7 26. Rae1 Rd7 27. Rf6
Nd8 28. Bb4 1-0

[Event "172-nd open MGU"]
[Site "Sofia"]
[Date "2016.09.18"]
[Round "4.3"]
[White "Angelov, Georgi"]
[Black "Gelemerov, Yane"]
[Result "0-1"]
[WhiteElo "1740"]
[BlackElo "2002"]
[PlyCount "92"]
[EventDate "2016.09.17"]
[EventType "swiss"]
[EventRounds "6"]
[EventCountry "BUL"]

1. d4 Nf6 2. c4 e6 3. Nc3 Bb4 4. Qc2 O-O 5. Nf3 d6 6. Bg5 Nbd7 7. e4 h6 8. Bh4
g5 9. Bg3 Bxc3+ 10. bxc3 Nh5 11. Bd3 Kg7 12. O-O e5 13. c5 Nxg3 14. fxg3 dxc5
15. dxc5 c6 16. Rad1 Qe7 17. Qb3 Nxc5 18. Qb2 Bg4 19. h3 Rad8 20. Bc2 Bh5 21.
c4 f6 22. Qa3 b6 23. g4 Bf7 24. Nd2 Rfe8 25. Qc3 Rd4 26. Rf2 Red8 27. Rdf1 R8d6
28. Re2 Qd8 29. Rff2 Qc8 30. Kh2 Qa6 31. Bb3 Nd3 32. Rf1 Nf4 33. Ref2 Rd3 34.
Qc2 Qa5 35. Nf3 Qc5 36. Rd2 Qe3 37. Rxd3 Qxd3 38. Qxd3 Rxd3 39. Rf2 Re3 40. Rd2
Nd3 41. Ba4 c5 42. Bb5 Kf8 43. Kg1 Be8 44. Ba6 Bc6 45. Nh2 Nb4 46. Rd6 Ke7 0-1

[Event "172-nd open MGU"]
[Site "Sofia"]
[Date "2016.09.18"]
[Round "4.4"]
[White "Kozarev, Petar"]
[Black "Metev, Martin"]
[Result "0-1"]
[WhiteElo "1880"]
[BlackElo "2040"]
[PlyCount "138"]
[EventDate "2016.09.17"]
[EventType "swiss"]
[EventRounds "6"]
[EventCountry "BUL"]

1. d4 d5 2. c4 c6 3. Nc3 e6 4. Nf3 Nf6 5. e3 Nbd7 6. Qc2 Be7 7. Bd2 O-O 8. h3
Re8 9. O-O-O dxc4 10. Bxc4 b5 11. Bd3 a6 12. g4 h6 13. g5 hxg5 14. Nxg5 c5 15.
Nce4 cxd4 16. exd4 Bb7 17. Kb1 Rc8 18. Nxf7 Rxc2 19. Nxd8 Bxe4 20. Bxe4 Rxd2
21. Rxd2 Nxe4 22. Re2 Nxf2 23. Rxf2 Rxd8 24. Re2 Nf8 25. Rd1 Bf6 26. Re4 Kf7
27. h4 Rd5 28. Rc1 Rxd4 29. Rxd4 Bxd4 30. Rc6 g6 31. Rxa6 Bf6 32. Ra7+ Kg8 33.
Rb7 Bxh4 34. Rxb5 Kf7 35. a4 Bf2 36. Rb7+ Kf6 37. a5 g5 38. a6 g4 39. a7 Bxa7
40. Rxa7 Kg5 41. b4 g3 42. Ra2 Kf4 43. b5 Kf3 44. b6 g2 45. Rxg2 Kxg2 46. b7
Nd7 47. Kc2 Kf3 48. Kc3 e5 49. Kc4 e4 50. Kd5 e3 51. Kd6 Nb8 52. Kc7 e2 53.
Kxb8 e1=Q 54. Kc8 Qe6+ 55. Kc7 Qe5+ 56. Kc8 Qc5+ 57. Kd7 Qb6 58. Kc8 Qc6+ 59.
Kb8 Ke4 60. Ka7 Qc7 61. Ka8 Qa5+ 62. Kb8 Kd5 63. Kc8 Qa6 64. Kc7 Qc6+ 65. Kb8
Kd6 66. Ka7 Qc5+ 67. Ka8 Qa3+ 68. Kb8 Kc6 69. Kc8 Qf8# 0-1

[Event "172-nd open MGU"]
[Site "Sofia"]
[Date "2016.09.18"]
[Round "4.5"]
[White "Krastev, Krasimir N."]
[Black "Georgiev, Nikolay Zh."]
[Result "1-0"]
[WhiteElo "1682"]
[BlackElo "1562"]
[PlyCount "117"]
[EventDate "2016.09.17"]
[EventType "swiss"]
[EventRounds "6"]
[EventCountry "BUL"]

1. e4 e5 2. Nf3 Nc6 3. Bc4 Bc5 4. O-O d6 5. h3 Be6 6. Bxe6 fxe6 7. c3 Bb6 8. d4
Nf6 9. Re1 O-O 10. Bg5 Qe8 11. dxe5 Nxe5 12. Nxe5 dxe5 13. Nd2 Rd8 14. Qe2 h6
15. Be3 Qg6 16. Bxb6 axb6 17. Nf3 Nd7 18. Rad1 Qf6 19. Rd2 Nb8 20. Red1 Nc6 21.
Rxd8 Rxd8 22. Rxd8+ Qxd8 23. b4 Qd6 24. Qd2 Qxd2 25. Nxd2 Kf7 26. Kf1 Ke7 27.
a4 Nd8 28. Ke2 Nf7 29. Kd3 Nd6 30. Nf3 Nf7 31. c4 Kd6 32. Nd2 g5 33. Nb3 Kc6
34. Ke3 Nd6 35. Nd2 Kd7 36. Kf3 Ke7 37. Kg4 Kf6 38. Kh5 Kg7 39. c5 bxc5 40.
bxc5 Nf7 41. Nc4 Kf6 42. Na5 Nd8 43. Kxh6 b6 44. cxb6 cxb6 45. Nc4 Nf7+ 46. Kh5
Ke7 47. Kg6 Nd8 48. Nxb6 Nb7 49. Kxg5 Nc5 50. f3 Kd6 51. Kf6 Kc6 52. a5 Kb5 53.
h4 Kxa5 54. Nc4+ Kb4 55. Nxe5 Kc3 56. h5 Kd4 57. h6 Nxe4+ 58. fxe4 Kxe4 59.
Kxe6 1-0

[Event "172-nd open MGU"]
[Site "Sofia"]
[Date "2016.09.18"]
[Round "5.1"]
[White "Metev, Martin"]
[Black "Dereshki, Dario"]
[Result "0-1"]
[WhiteElo "2040"]
[BlackElo "2051"]
[PlyCount "34"]
[EventDate "2016.09.17"]
[EventType "swiss"]
[EventRounds "6"]
[EventCountry "BUL"]

1. e4 e5 2. Nf3 d5 3. exd5 e4 4. Qe2 Nf6 5. c4 Be7 6. Ng5 O-O 7. Nxe4 Nxe4 8.
Qxe4 Bf6 9. Be2 Re8 10. Qf3 Qe7 11. d3 Na6 12. Nc3 b5 13. Nxb5 Nb4 14. Na3 Bf5
15. O-O Qxe2 16. Qxf5 Nxd3 17. Nb5 Qxf1+ 0-1

[Event "172-nd open MGU"]
[Site "Sofia"]
[Date "2016.09.18"]
[Round "5.2"]
[White "Gelemerov, Yane"]
[Black "Krustev, Krasimir S."]
[Result "1-0"]
[WhiteElo "2002"]
[BlackElo "1940"]
[PlyCount "105"]
[EventDate "2016.09.17"]
[EventType "swiss"]
[EventRounds "6"]
[EventCountry "BUL"]

1. e4 e5 2. Bc4 Nf6 3. Qe2 Nc6 4. Nf3 Be7 5. O-O O-O 6. c3 d6 7. Bb3 Bg4 8. h3
Bh5 9. d3 Nd7 10. Nbd2 a5 11. a4 Nc5 12. Bc2 Ne6 13. Nc4 Nf4 14. Bxf4 exf4 15.
d4 Bf6 16. Qd3 Bg6 17. Qd2 d5 18. exd5 Qxd5 19. b3 Bxc2 20. Qxc2 Rfe8 21. Rfe1
Rad8 22. Re2 Rxe2 23. Qxe2 Qf5 24. Re1 g5 25. Qe4 Qxe4 26. Rxe4 b6 27. Kf1 Kf8
28. Nce5 Nxe5 29. Nxe5 Bxe5 30. Rxe5 f6 31. Re6 Rd6 32. Rxd6 cxd6 33. Ke2 d5
34. Kd3 Ke7 35. b4 Kd6 36. bxa5 bxa5 37. f3 f5 38. c4 Kc6 39. cxd5+ Kxd5 40.
Kc3 h5 41. Kd3 h4 42. Kc3 Kc6 43. Kc4 g4 44. d5+ Kd6 45. Kd4 g3 46. Kc4 Kc7 47.
Kc5 Kd7 48. d6 Kd8 49. Kd5 Kd7 50. Ke5 Kd8 51. Kxf5 Kd7 52. Ke5 Kd8 53. Kxf4
1-0

[Event "172-nd open MGU"]
[Site "Sofia"]
[Date "2016.09.18"]
[Round "5.4"]
[White "Ignatov, Bojidar"]
[Black "Krastev, Krasimir N."]
[Result "0-1"]
[WhiteElo "1931"]
[BlackElo "1682"]
[PlyCount "114"]
[EventDate "2016.09.17"]
[EventType "swiss"]
[EventRounds "6"]
[EventCountry "BUL"]

1. d4 Nf6 2. c4 g6 3. Nc3 Bg7 4. e4 d6 5. Nf3 O-O 6. Be2 Nbd7 7. O-O e5 8. dxe5
Nxe5 9. Nxe5 dxe5 10. Bg5 c6 11. b4 Qc7 12. Qc2 Be6 13. Rfd1 Rfd8 14. Na4 b6
15. Nb2 Rd4 16. f3 Rad8 17. Be3 Rxd1+ 18. Rxd1 Rxd1+ 19. Qxd1 Qe7 20. a3 Nh5
21. c5 b5 22. g3 f5 23. Bf2 f4 24. g4 Nf6 25. Nd3 Bc4 26. Nc1 Bxe2 27. Nxe2 g5
28. h4 h6 29. Nc1 Kf8 30. Nb3 Ne8 31. Na5 Qc7 32. Kg2 a6 33. hxg5 hxg5 34. Qh1
Nf6 35. Qd1 Ke7 36. Qd6+ Qxd6 37. cxd6+ Kxd6 38. Nb7+ Kc7 39. Nc5 Kc8 40. Nxa6
Nd7 41. Kf1 Bf8 42. Ke2 Kb7 43. Nc5+ Nxc5 44. Bxc5 Bxc5 45. bxc5 Ka6 46. Kd3
Ka5 47. Kc3 Ka4 48. Kb2 b4 49. axb4 Kxb4 50. Kc2 Kc4 51. Kd2 Kd4 52. Ke2 Kxc5
53. Kd3 Kb4 54. Kd2 Kb3 55. Kd3 c5 56. Kd2 c4 57. Kd1 Kb2 0-1

[Event "172-nd open MGU"]
[Site "Sofia"]
[Date "2016.09.18"]
[Round "5.3"]
[White "Georgiev, Nikolay Zh."]
[Black "Kozarev, Petar"]
[Result "1-0"]
[WhiteElo "1562"]
[BlackElo "1880"]
[PlyCount "99"]
[EventDate "2016.09.17"]
[EventType "swiss"]
[EventRounds "6"]
[EventCountry "BUL"]

1. e4 e5 2. Bc4 Bc5 3. d3 Nc6 4. Nc3 Nf6 5. f4 d6 6. h3 Be6 7. Bb3 Nd4 8. g4
exf4 9. Bxf4 Qe7 10. Nf3 O-O-O 11. Nxd4 Bxd4 12. Qd2 Bxb3 13. axb3 d5 14. Kd1
dxe4 15. Re1 Bxc3 16. bxc3 a6 17. Kc1 Qc5 18. d4 Qc6 19. Bg5 h6 20. Bxf6 Qxf6
21. Rxe4 Qf1+ 22. Kb2 Qxh3 23. Qf4 Rd7 24. Rae1 Rhd8 25. Re7 f6 26. Qf5 g6 27.
Qxg6 Rd6 28. Rh7 Rc6 29. c4 b5 30. Rxh6 Qg3 31. Qe4 Qd6 32. d5 Rc5 33. Qe6+
Qxe6 34. dxe6 bxc4 35. e7 Re8 36. Rxf6 cxb3 37. cxb3 a5 38. Rf5 Rc6 39. Rxa5
Rg6 40. g5 Kd7 41. Rd5+ Kc8 42. Kc3 Rg7 43. Rde5 Kd7 44. Kc4 Rexe7 45. Rxe7+
Rxe7 46. Rxe7+ Kxe7 47. Kc5 Kf7 48. Kc6 Kg6 49. b4 Kxg5 50. Kxc7 1-0

[Event "172-nd open MGU"]
[Site "Sofia"]
[Date "2016.09.18"]
[Round "5.5"]
[White "Angelov, Georgi"]
[Black "Tenev, Bogdan"]
[Result "0-1"]
[WhiteElo "1740"]
[BlackElo "1429"]
[PlyCount "108"]
[EventDate "2016.09.17"]
[EventType "swiss"]
[EventRounds "6"]
[EventCountry "BUL"]

1. d4 d5 2. c4 e6 3. Nc3 Bb4 4. e3 Bxc3+ 5. bxc3 Nf6 6. Nf3 O-O 7. Bb2 Nbd7 8.
cxd5 exd5 9. c4 b6 10. Bd3 g6 11. O-O Bb7 12. Rc1 dxc4 13. Bxc4 Bd5 14. Bxd5
Nxd5 15. e4 N5f6 16. Qc2 Rc8 17. Rcd1 Qe7 18. Rfe1 Rfe8 19. e5 Nh5 20. d5 Qc5
21. Qa4 Nb8 22. Qxa7 Qa5 23. Qxa5 bxa5 24. d6 cxd6 25. exd6 Rxe1+ 26. Rxe1 h6
27. g3 Rd8 28. Bc3 Nc6 29. Nd2 Ng7 30. Nc4 f5 31. Bf6 Re8 32. Rb1 Re4 33. Rb7
Ne8 34. Nd2 Re1+ 35. Kg2 Nxf6 36. d7 Rd1 37. Rb8+ Kf7 38. d8=Q Nxd8 39. Rxd8
Ne4 40. Rd5 Rxd2 41. Rxa5 Rxf2+ 42. Kg1 Rc2 43. Ra6 Nc3 44. a4 Ra2 45. a5 Ne2+
46. Kf2 Nd4+ 47. Ke3 Nb3 48. Ra7+ Kf6 49. Ra6+ Kg5 50. h4+ Kh5 51. Rb6 Nxa5 52.
Rb5 Nc4+ 53. Kf3 Ra3+ 54. Kf4 g5+ 0-1

[Event "172-nd open MGU"]
[Site "Sofia"]
[Date "2016.09.18"]
[Round "6.1"]
[White "Dereshki, Dario"]
[Black "Krastev, Krasimir N."]
[Result "1-0"]
[WhiteElo "2051"]
[BlackElo "1682"]
[PlyCount "99"]
[EventDate "2016.09.17"]
[EventType "swiss"]
[EventRounds "6"]
[EventCountry "BUL"]

1. d4 Nf6 2. Nf3 g6 3. c4 Bg7 4. Nc3 d6 5. e4 O-O 6. Be2 Nbd7 7. O-O e5 8. Re1
c6 9. Bf1 a6 10. Rb1 b5 11. dxe5 Nxe5 12. Nxe5 dxe5 13. Be3 Qe7 14. b4 Rd8 15.
Bc5 Qc7 16. Qb3 Be6 17. a4 Bf8 18. Be3 Ng4 19. Bc1 Qa7 20. Qa2 Rd7 21. h3 Nf6
22. axb5 cxb5 23. Nd5 Bxd5 24. cxd5 Ne8 25. Be3 Qb7 26. Rec1 Rc7 27. Rxc7 Qxc7
28. Bxb5 Nd6 29. Bc6 Rc8 30. f3 f5 31. Qxa6 fxe4 32. fxe4 Nxe4 33. Bb6 Qb8 34.
Re1 Ng3 35. Bf2 Nf5 36. b5 Bd6 37. b6 Nd4 38. b7 Rf8 39. Qa8 Qc7 40. Bxd4 exd4
41. Rf1 Rb8 42. Qa7 Qg7 43. Re1 Be5 44. Qa3 Qf6 45. Rf1 Qg7 46. d6 Kh8 47. d7
Qh6 48. Qe7 Qe3+ 49. Kh1 Qg3 50. Rf8+ 1-0

[Event "172-nd open MGU"]
[Site "Sofia"]
[Date "2016.09.18"]
[Round "6.2"]
[White "Ignatov, Bojidar"]
[Black "Gelemerov, Yane"]
[Result "1/2-1/2"]
[WhiteElo "1931"]
[BlackElo "2002"]
[PlyCount "154"]
[EventDate "2016.09.17"]
[EventType "swiss"]
[EventRounds "6"]
[EventCountry "BUL"]

1. d4 Nf6 2. c4 d6 3. Nc3 Nbd7 4. e4 e5 5. d5 Be7 6. Be2 O-O 7. Nf3 a5 8. O-O
b6 9. Bd2 Nc5 10. Qc2 Ne8 11. Ne1 Bg5 12. Nd3 Nxd3 13. Qxd3 h6 14. Rfb1 f5 15.
f3 Bxd2 16. Qxd2 f4 17. Nd1 Nf6 18. b4 axb4 19. Rxb4 Nd7 20. a4 Ra5 21. Rb5
Rxb5 22. cxb5 g5 23. Nf2 h5 24. h3 Nc5 25. Ra3 Nb7 26. Rc3 Bd7 27. Qc2 Nc5 28.
Nd3 Qa8 29. Nxc5 bxc5 30. Ra3 Qa5 31. Qc3 Ra8 32. Qxa5 Rxa5 33. Kf2 Kf7 34. Bc4
Ke7 35. Ra1 Kd8 36. Ke2 Kc8 37. Kd3 Kb7 38. Kc3 Kb6 39. Kb3 Ra8 40. Rh1 Rg8 41.
Be2 Bc8 42. Kc4 Ka5 43. Bd1 Kb6 44. Be2 Rg7 45. Ra1 Ka5 46. Rh1 Bd7 47. Bd1 Kb6
48. Be2 g4 49. hxg4 hxg4 50. Rh8 gxf3 51. Bxf3 Bg4 52. Rb8+ Ka7 53. Rd8 Bxf3
54. gxf3 Rg1 55. a5 Rc1+ 56. Kd3 Rb1 57. b6+ cxb6 58. Rxd6 b5 59. Re6 c4+ 60.
Kc2 Ra1 61. d6 Kb7 62. Rxe5 Rxa5 63. Rc5 Ra2+ 64. Kc3 Ra3+ 65. Kb4 Rxf3 66.
Kxb5 Rd3 67. e5 f3 68. Kxc4 Rd2 69. Rc7+ Kb6 70. Rf7 f2 71. Kc3 Rd5 72. Rxf2
Rxe5 73. Kd4 Rh5 74. Rc2 Rh4+ 75. Kd5 Rh5+ 76. Ke6 Rh6+ 77. Ke7 Rh7+ 1/2-1/2